000
00259nam a2200109Ia 4500
008
190802s9999 xx 000 0 und d
100
_a
Muhammad Muh-ud-din
245
0
_a
Aayni
260
_a
Karachi
_b
Dhepali Publications
_c
2005
300
_a
140:p
942
_c
BK
999
_c
2482
_d
2482